Group theory and symmetry in chemistry (Record no. 394546)

MARC details
000 -LEADER
fixed length control field 00540 a2200205 4500
005 - DATE & TIME
control field 20260423142302.0
008 - FIXED-LENGTH DATA ELEMENTS--GENERAL INFORMATION
fixed length control field 260423b |||||||| |||| 00| 0 eng d
020 ## - ISBN
International Standard Book Number 9789390812851
Price Rs. 1995.00
040 ## - CATALOGING SOURCE
Original cataloging agency VIVEKANANDA LIBRARY
082 ## - DDC NUMBER
Classification number 541.2
Book Number J199G
100 ## - MAIN ENTRY--PERSONAL NAME
Personal name Jaidev Kumar
245 ## - TITLE STATEMENT
Title Group theory and symmetry in chemistry
260 ## - PUBLICATION, DISTRIBUTION, ETC. (IMPRINT)
Name of publisher, distributor, etc Nation Press
Date of publication, distribution, etc 2026
Place of publication, distribution, etc New Delhi
300 ## - PHYSICAL DESCRIPTION
Pages ix, 331
650 ## - Subject
Subject Chemistry
650 ## - Subject
Subject Physical Chemistry
650 ## - Subject
Subject Theoretical Chemistry
650 ## - Subject
Subject Molecular Symmetry
942 ## - ADDED ENTRY ELEMENTS (KOHA)
Koha item type Books
Holdings
Withdrawn status Lost status Source of classification or shelving scheme Damaged status Not for loan Location (home branch) Sublocation or collection (holding branch) Shelving location Date acquired Koha issues (times borrowed) Koha full call number Accession No. Koha date last seen Koha item type
    Dewey Decimal Classification     VIVEKANANDA LIBRARY VIVEKANANDA LIBRARY Vivekananda Library 28/01/2026   541.2 J199G 444707 28/01/2026 Books
© Designed and Maintained by Vivekananda Library, MDU Rohtak